00790nam a22002177a 450000500170000001000150001702000260003203500140005803700130007208200090008510000310009424500710012526000520019627000610024830000210030970000340033071000310036494200230039599900190041895201350043720240402152243.0 aENG-139756 a9789351651772c150.00 aEN-123288 bDBAD/PUB aS21 aSoni krishna murari964203 a88 Pearls:bA collection of short stories/cBy Krishna Murari Soni aNew Delhi bDiamond Pocket Books (P) Ltd.c2014 bNew DelhiaX-30, Okhla Industrial area, Phase-IIe110020 a216p.c22cm(pbk) aDr.Krishna Murari Soni963493 aPiyush SonieAuthor963494 2ddccENmSonhSe1 c201559d201559 001040708FICaBNbBNd2024-03-18eDBADg150.00l1oS SONpEN-123288r2024-08-07 00:00:00s2024-07-31t1v150.00w2024-03-18yEN